Normal view MARC view

Entry Meeting Name

Number of records used in: 1

001 - CONTROL NUMBER

  • control field: 19495

003 - CONTROL NUMBER IDENTIFIER

  • control field: OSt

005 - DATE AND TIME OF LATEST TRANSACTION

  • control field: 20251028112613.0

008 - FIXED-LENGTH DATA ELEMENTS

  • fixed length control field: 251028|| aca||aabn | a|a d

040 ## - CATALOGING SOURCE

  • Original cataloging agency: OSt
  • Transcribing agency: OSt

111 ## - HEADING--MEETING NAME

  • Meeting name or jurisdiction name as entry element: International Symposium on the Frontiers of Science and Technology
  • Number of part/section/meeting: (2nd :
  • Date of meeting: 1992 :
  • Location of meeting: Kyoto, Japan)

670 ## - SOURCE DATA FOUND

  • Source citation: Work cat.: (OSt)9584: International Symposium on the Frontiers of Science and Technology (2nd : 1992 : Kyoto, Japan), Expanding access to science and technology :, c1994.